000 01788nam a2200229Ia 4500
008 260220t2001||||xx |||||||||||||| ||spa||
040 _aPY-SlUNAC
_bspa
_erda
041 _aspa
082 _a600
_bR245e
245 0 _aEl estado de la ciencia :
_bprincipales indicadores de ciencia y tecnología iberoamericano/interamericanos
264 _aBuenos Aires :
_bRICYT,
_c℗2001.
300 _a1 volumen
520 _aEl libro "El estado de la ciencia: principales indicadores de ciencia y tecnología iberoamericano/interamericanos" publicado en Buenos Aires por RICYT en 2001, presenta un análisis exhaustivo de los indicadores de ciencia y tecnología en la región iberoamericana. A través de datos cuantitativos y cualitativos, se examinan las tendencias en la producción científica, la inversión en investigación y desarrollo (I+D), así como la colaboración internacional en proyectos científicos. El texto destaca las disparidades en el avance científico entre los países de la región y subraya la importancia de fortalecer las capacidades científicas locales para impulsar el desarrollo socioeconómico. Además, se hace hincapié en la necesidad de políticas públicas que fomenten la innovación y el intercambio de conocimientos. Al ofrecer un panorama detallado de la situación actual de la ciencia y la tecnología en Iberoamérica, el libro se erige como una herramienta fundamental para investigadores, formuladores de políticas y académicos interesados en el progreso científico en la región.
653 _aCiencia
653 _aIndicadores científicos
653 _aTecnología
942 _b2026/02/17
_cBK
999 _c8381
_d8381